Tilastot visalle Valtioita satunnaisten pisteiden mukaan

Klikkaa tästä pelataksesi tätä visaa!

Yleistilastot

  • Tätä visaa on pelattu 3 235 kertaa
  • Keskiarvotulos 15 / 20

Vastaukset kartalla

Vastauksille on annettu kartalla punavihreä väri sen mukaan, kuinka moni on saanut sen oikein.
 

Vastaustilastot

Valtio% Oikein
Afganistan
100%
Afganistan
100%
Afganistan
100%
Alankomaat
100%
Albania
100%
Albania
100%
Algeria
100%
Algeria
100%
Algeria
100%
Algeria
100%
Algeria
100%
Algeria
100%
Algeria
100%
Algeria
100%
Algeria
100%
Algeria
100%
Algeria
100%
Algeria
100%
Algeria
100%
Algeria
100%
Algeria
100%
Algeria
100%
Andorra
100%
Angola
100%
Angola
100%
Argentiina
100%
Argentiina
100%
Argentiina
100%
Argentiina
100%
Argentiina
100%
Argentiina
100%
Argentiina
100%
Argentiina
100%
Argentiina
100%
Argentiina
100%
Argentiina
100%
Argentiina
100%
Argentiina
100%
Argentiina
100%
Argentiina
100%
Argentiina
100%
Argentiina
100%
Argentiina
100%
Argentiina
100%
Argentiina
100%
Argentiina
100%
Argentiina
100%
Argentiina
100%
Argentiina
100%
Australia
100%
Australia
100%
Australia
100%
Australia
100%
Australia
100%
Australia
100%
Australia
100%
Australia
100%
Australia
100%
Australia
100%
Australia
100%
Australia
100%
Australia
100%
Australia
100%
Australia
100%
Australia
100%
Australia
100%
Australia
100%
Australia
100%
Australia
100%
Australia
100%
Australia
100%
Australia
100%
Australia
100%
Australia
100%
Australia
100%
Australia
100%
Australia
100%
Australia
100%
Australia
100%
Australia
100%
Australia
100%
Australia
100%
Australia
100%
Australia
100%
Australia
100%
Australia
100%
Australia
100%
Australia
100%
Australia
100%
Australia
100%
Australia
100%
Australia
100%
Australia
100%
Australia
100%
Australia
100%
Australia
100%
Australia
100%
Australia
100%
Australia
100%
Australia
100%
Australia
100%
Australia
100%
Australia
100%
Australia
100%
Australia
100%
Australia
100%
Australia
100%
Australia
100%
Australia
100%
Australia
100%
Australia
100%
Australia
100%
Australia
100%
Australia
100%
Australia
100%
Australia
100%
Australia
100%
Australia
100%
Australia
100%
Australia
100%
Australia
100%
Australia
100%
Australia
100%
Azerbaidžan
100%
Azerbaidžan
100%
Bahama
100%
Bangladesh
100%
Bangladesh
100%
Belgia
100%
Benin
100%
Benin
100%
Bhutan
100%
Bolivia
100%
Bolivia
100%
Bolivia
100%
Bolivia
100%
Bolivia
100%
Bolivia
100%
Bolivia
100%
Brasilia
100%
Brasilia
100%
Brasilia
100%
Brasilia
100%
Brasilia
100%
Brasilia
100%
Brasilia
100%
Brasilia
100%
Brasilia
100%
Brasilia
100%
Brasilia
100%
Brasilia
100%
Brasilia
100%
Brasilia
100%
Brasilia
100%
Brasilia
100%
Brasilia
100%
Brasilia
100%
Brasilia
100%
Brasilia
100%
Brasilia
100%
Brasilia
100%
Brasilia
100%
Brasilia
100%
Brasilia
100%
Brasilia
100%
Brasilia
100%
Brasilia
100%
Brasilia
100%
Brasilia
100%
Brasilia
100%
Brasilia
100%
Brasilia
100%
Brasilia
100%
Brasilia
100%
Brasilia
100%
Brasilia
100%
Brasilia
100%
Brasilia
100%
Brasilia
100%
Brasilia
100%
Brasilia
100%
Brasilia
100%
Brasilia
100%
Brasilia
100%
Brasilia
100%
Brasilia
100%
Brasilia
100%
Brasilia
100%
Brasilia
100%
Brasilia
100%
Brasilia
100%
Brasilia
100%
Brasilia
100%
Brasilia
100%
Brasilia
100%
Brasilia
100%
Brasilia
100%
Brasilia
100%
Brasilia
100%
Brasilia
100%
Brasilia
100%
Brasilia
100%
Brasilia
100%
Brasilia
100%
Brasilia
100%
Brasilia
100%
Brasilia
100%
Brasilia
100%
Brasilia
100%
Brasilia
100%
Brasilia
100%
Brasilia
100%
Brasilia
100%
Brasilia
100%
Brasilia
100%
Brasilia
100%
Brasilia
100%
Brasilia
100%
Brasilia
100%
Brasilia
100%
Brasilia
100%
Brasilia
100%
Brasilia
100%
Brasilia
100%
Brasilia
100%
Bulgaria
100%
Burkina Faso
100%
Chile
100%
Chile
100%
Chile
100%
Chile
100%
Chile
100%
Chile
100%
Chile
100%
Chile
100%
Chile
100%
Chile
100%
Chile
100%
Chile
100%
Chile
100%
Egypti
100%
Egypti
100%
Egypti
100%
Egypti
100%
Egypti
100%
Egypti
100%
Eritrea
100%
Espanja
100%
Espanja
100%
Espanja
100%
Espanja
100%
Espanja
100%
Espanja
100%
Espanja
100%
Espanja
100%
Espanja
100%
Espanja
100%
Espanja
100%
Espanja
100%
Etelä-Afrikka
100%
Etelä-Afrikka
100%
Etelä-Afrikka
100%
Etelä-Afrikka
100%
Etelä-Afrikka
100%
Etelä-Afrikka
100%
Etelä-Afrikka
100%
Etelä-Afrikka
100%
Etelä-Afrikka
100%
Etelä-Korea
100%
Etelä-Korea
100%
Etelä-Korea
100%
Etelä-Sudan
100%
Etelä-Sudan
100%
Etelä-Sudan
100%
Etiopia
100%
Etiopia
100%
Filippiinit
100%
Filippiinit
100%
Filippiinit
100%
Filippiinit
100%
Filippiinit
100%
Filippiinit
100%
Filippiinit
100%
Gabon
100%
Ghana
100%
Guatemala
100%
Guinea
100%
Guyana
100%
Guyana
100%
Haiti
100%
Haiti
100%
Honduras
100%
Indonesia
100%
Indonesia
100%
Indonesia
100%
Indonesia
100%
Indonesia
100%
Indonesia
100%
Indonesia
100%
Indonesia
100%
Indonesia
100%
Indonesia
100%
Indonesia
100%
Indonesia
100%
Indonesia
100%
Indonesia
100%
Indonesia
100%
Indonesia
100%
Indonesia
100%
Indonesia
100%
Indonesia
100%
Intia
100%
Intia
100%
Intia
100%
Intia
100%
Intia
100%
Intia
100%
Intia
100%
Intia
100%
Intia
100%
Intia
100%
Intia
100%
Intia
100%
Intia
100%
Intia
100%
Intia
100%
Intia
100%
Intia
100%
Intia
100%
Intia
100%
Intia
100%
Intia
100%
Intia
100%
Intia
100%
Intia
100%
Intia
100%
Intia
100%
Intia
100%
Intia
100%
Intia
100%
Intia
100%
Intia
100%
Intia
100%
Intia
100%
Intia
100%
Intia
100%
Intia
100%
Intia
100%
Intia
100%
Intia
100%
Intia
100%
Irak
100%
Irak
100%
Irak
100%
Irak
100%
Irak
100%
Iran
100%
Iran
100%
Iran
100%
Iran
100%
Iran
100%
Iran
100%
Iran
100%
Iran
100%
Iran
100%
Iran
100%
Irlanti
100%
Irlanti
100%
Islanti
100%
Islanti
100%
Islanti
100%
Islanti
100%
Israel
100%
Israel
100%
Italia
100%
Italia
100%
Italia
100%
Italia
100%
Italia
100%
Italia
100%
Italia
100%
Italia
100%
Itä-Timor
100%
Itävalta
100%
Japani
100%
Japani
100%
Japani
100%
Japani
100%
Japani
100%
Japani
100%
Japani
100%
Japani
100%
Jemen
100%
Kambodža
100%
Kanada
100%
Kanada
100%
Kanada
100%
Kanada
100%
Kanada
100%
Kanada
100%
Kanada
100%
Kanada
100%
Kanada
100%
Kanada
100%
Kanada
100%
Kanada
100%
Kanada
100%
Kanada
100%
Kanada
100%
Kanada
100%
Kanada
100%
Kanada
100%
Kanada
100%
Kanada
100%
Kanada
100%
Kanada
100%
Kanada
100%
Kanada
100%
Kanada
100%
Kanada
100%
Kanada
100%
Kanada
100%
Kanada
100%
Kanada
100%
Kanada
100%
Kanada
100%
Kanada
100%
Kanada
100%
Kanada
100%
Kanada
100%
Kanada
100%
Kanada
100%
Kanada
100%
Kanada
100%
Kanada
100%
Kanada
100%
Kanada
100%
Kanada
100%
Kanada
100%
Kanada
100%
Kanada
100%
Kanada
100%
Kanada
100%
Kanada
100%
Kanada
100%
Kanada
100%
Kanada
100%
Kanada
100%
Kanada
100%
Kanada
100%
Kanada
100%
Kanada
100%
Kanada
100%
Kanada
100%
Kanada
100%
Kanada
100%
Kanada
100%
Kanada
100%
Kanada
100%
Kanada
100%
Kanada
100%
Kanada
100%
Kanada
100%
Kanada
100%
Kanada
100%
Kanada
100%
Kanada
100%
Kanada
100%
Kanada
100%
Kanada
100%
Kanada
100%
Kanada
100%
Kanada
100%
Kanada
100%
Kanada
100%
Kanada
100%
Kanada
100%
Kanada
100%
Kanada
100%
Kanada
100%
Kanada
100%
Kanada
100%
Kanada
100%
Kanada
100%
Kanada
100%
Kanada
100%
Kanada
100%
Kanada
100%
Kanada
100%
Kanada
100%
Kanada
100%
Kanada
100%
Kanada
100%
Kanada
100%
Kanada
100%
Kanada
100%
Kanada
100%
Kanada
100%
Kanada
100%
Kanada
100%
Kanada
100%
Kanada
100%
Kanada
100%
Kanada
100%
Kanada
100%
Kanada
100%
Kanada
100%
Kanada
100%
Kanada
100%
Kanada
100%
Kanada
100%
Kanada
100%
Kanada
100%
Kanada
100%
Kanada
100%
Kanada
100%
Kanada
100%
Kanada
100%
Kanada
100%
Kanada
100%
Kanada
100%
Kanada
100%
Kanada
100%
Kanada
100%
Kanada
100%
Kanada
100%
Kanada
100%
Kanada
100%
Kanada
100%
Kanada
100%
Kanada
100%
Kanada
100%
Kanada
100%
Kanada
100%
Kanada
100%
Kanada
100%
Kanada
100%
Kanada
100%
Kanada
100%
Kanada
100%
Kanada
100%
Kanada
100%
Kanada
100%
Kanada
100%
Kanada
100%
Kanada
100%
Kanada
100%
Kanada
100%
Kanada
100%
Kanada
100%
Kanada
100%
Kanada
100%
Kanada
100%
Kanada
100%
Kanada
100%
Kanada
100%
Kanada
100%
Kanada
100%
Kanada
100%
Kanada
100%
Kanada
100%
Kanada
100%
Kanada
100%
Kanada
100%
Kanada
100%
Kanada
100%
Kanada
100%
Kanada
100%
Kanada
100%
Kanada
100%
Kanada
100%
Kanada
100%
Kanada
100%
Kanada
100%
Kanada
100%
Kanada
100%
Kanada
100%
Kanada
100%
Kanada
100%
Kanada
100%
Kanada
100%
Kanada
100%
Kanada
100%
Kanada
100%
Kanada
100%
Kanada
100%
Kanada
100%
Kanada
100%
Kanada
100%
Kanada
100%
Kanada
100%
Kanada
100%
Kanada
100%
Kanada
100%
Kanada
100%
Kanada
100%
Kanada
100%
Kanada
100%
Kanada
100%
Kanada
100%
Kanada
100%
Kanada
100%
Kanada
100%
Kanada
100%
Kanada
100%
Kanada
100%
Kanada
100%
Kanada
100%
Kanada
100%
Kanada
100%
Kanada
100%
Kanada
100%
Kanada
100%
Kanada
100%
Kanada
100%
Kanada
100%
Kanada
100%
Kanada
100%
Kanada
100%
Kanada
100%
Kanada
100%
Kanada
100%
Kanada
100%
Kanada
100%
Kanada
100%
Kanada
100%
Kanada
100%
Kanada
100%
Kanada
100%
Kanada
100%
Kanada
100%
Kanada
100%
Kanada
100%
Kanada
100%
Kanada
100%
Kanada
100%
Kanada
100%
Kanada
100%
Kanada
100%
Kanada
100%
Kanada
100%
Kanada
100%
Kanada
100%
Kanada
100%
Kanada
100%
Kanada
100%
Kanada
100%
Kanada
100%
Kanada
100%
Kanada
100%
Kanada
100%
Kanada
100%
Kanada
100%
Kap Verde
100%
Kap Verde
100%
Kazakstan
100%
Kazakstan
100%
Kazakstan
100%
Kazakstan
100%
Kazakstan
100%
Kazakstan
100%
Kazakstan
100%
Kazakstan
100%
Kazakstan
100%
Kazakstan
100%
Kazakstan
100%
Kazakstan
100%
Kazakstan
100%
Kazakstan
100%
Kazakstan
100%
Kazakstan
100%
Kazakstan
100%
Kazakstan
100%
Kazakstan
100%
Kazakstan
100%
Kazakstan
100%
Kazakstan
100%
Kazakstan
100%
Kenia
100%
Kenia
100%
Kenia
100%
Kenia
100%
Kenia
100%
Kenia
100%
Keski-Afrikan tasavalta
100%
Keski-Afrikan tasavalta
100%
Kiina
100%
Kiina
100%
Kiina
100%
Kiina
100%
Kiina
100%
Kiina
100%
Kiina
100%
Kiina
100%
Kiina
100%
Kiina
100%
Kiina
100%
Kiina
100%
Kiina
100%
Kiina
100%
Kiina
100%
Kiina
100%
Kiina
100%
Kiina
100%
Kiina
100%
Kiina
100%
Kiina
100%
Kiina
100%
Kiina
100%
Kiina
100%
Kiina
100%
Kiina
100%
Kiina
100%
Kiina
100%
Kiina
100%
Kiina
100%
Kiina
100%
Kiina
100%
Kiina
100%
Kiina
100%
Kiina
100%
Kiina
100%
Kiina
100%
Kiina
100%
Kiina
100%
Kiina
100%
Kiina
100%
Kiina
100%
Kiina
100%
Kiina
100%
Kiina
100%
Kiina
100%
Kiina
100%
Kiina
100%
Kiina
100%
Kiina
100%
Kiina
100%
Kiina
100%
Kiina
100%
Kiina
100%
Kiina
100%
Kiina
100%
Kiina
100%
Kiina
100%
Kiina
100%
Kiina
100%
Kiina
100%
Kiina
100%
Kiina
100%
Kiina
100%
Kiina
100%
Kiina
100%
Kiina
100%
Kiina
100%
Kiina
100%
Kiina
100%
Kiina
100%
Kiina
100%
Kiina
100%
Kiina
100%
Kiina
100%
Kiina
100%
Kiina
100%
Kiina
100%
Kiina
100%
Kiina
100%
Kiina
100%
Kiina
100%
Kiina
100%
Kiina
100%
Kiina
100%
Kiina
100%
Kiina
100%
Kiina
100%
Kiina
100%
Kiina
100%
Kiina
100%
Kiina
100%
Kiina
100%
Kiina
100%
Kiina
100%
Kiina
100%
Kiribati
100%
Kiribati
100%
Kiribati
100%
Kolumbia
100%
Kolumbia
100%
Kolumbia
100%
Kolumbia
100%
Kolumbia
100%
Kolumbia
100%
Kolumbia
100%
Kolumbia
100%
Kolumbia
100%
Kolumbia
100%
Kolumbia
100%
Kongon demokraattinen tasavalta
100%
Kongon demokraattinen tasavalta
100%
Kongon demokraattinen tasavalta
100%
Kongon demokraattinen tasavalta
100%
Kongon demokraattinen tasavalta
100%
Kongon demokraattinen tasavalta
100%
Kongon demokraattinen tasavalta
100%
Kongon demokraattinen tasavalta
100%
Kongon demokraattinen tasavalta
100%
Kongon demokraattinen tasavalta
100%
Kongon demokraattinen tasavalta
100%
Kongon demokraattinen tasavalta
100%
Kongon demokraattinen tasavalta
100%
Kongon demokraattinen tasavalta
100%
Kongon demokraattinen tasavalta
100%
Kongon tasavalta
100%
Kongon tasavalta
100%
Kongon tasavalta
100%
Kreikka
100%
Kroatia
100%
Kroatia
100%
Kroatia
100%
Kroatia
100%
Kuuba
100%
Kuuba
100%
Kuuba
100%
Kuuba
100%
Kuuba
100%
Kypros
100%
Laos
100%
Latvia
100%
Latvia
100%
Latvia
100%
Lesotho
100%
Libya
100%
Libya
100%
Libya
100%
Libya
100%
Libya
100%
Libya
100%
Libya
100%
Libya
100%
Libya
100%
Libya
100%
Libya
100%
Libya
100%
Libya
100%
Liettua
100%
Liettua
100%
Luxemburg
100%
Madagaskar
100%
Madagaskar
100%
Madagaskar
100%
Madagaskar
100%
Madagaskar
100%
Madagaskar
100%
Madagaskar
100%
Madagaskar
100%
Mali
100%
Mali
100%
Mali
100%
Mali
100%
Mali
100%
Mali
100%
Mali
100%
Mali
100%
Mali
100%
Mali
100%
Mali
100%
Mali
100%
Malta
100%
Marokko
100%
Marokko
100%
Marokko
100%
Mauritania
100%
Mauritania
100%
Mauritania
100%
Mauritania
100%
Mauritania
100%
Mauritania
100%
Meksiko
100%
Meksiko
100%
Meksiko
100%
Meksiko
100%
Meksiko
100%
Meksiko
100%
Meksiko
100%
Meksiko
100%
Meksiko
100%
Meksiko
100%
Meksiko
100%
Meksiko
100%
Meksiko
100%
Meksiko
100%
Meksiko
100%
Meksiko
100%
Meksiko
100%
Meksiko
100%
Meksiko
100%
Meksiko
100%
Meksiko
100%
Meksiko
100%
Meksiko
100%
Meksiko
100%
Meksiko
100%
Meksiko
100%
Meksiko
100%
Meksiko
100%
Meksiko
100%
Meksiko
100%
Meksiko
100%
Mongolia
100%
Mongolia
100%
Mongolia
100%
Mongolia
100%
Mongolia
100%
Mongolia
100%
Mongolia
100%
Mongolia
100%
Mongolia
100%
Mongolia
100%
Mongolia
100%
Montenegro
100%
Mosambik
100%
Mosambik
100%
Mosambik
100%
Mosambik
100%
Mosambik
100%
Mosambik
100%
Mosambik
100%
Mosambik
100%
Namibia
100%
Namibia
100%
Namibia
100%
Namibia
100%
Namibia
100%
Namibia
100%
Nepal
100%
Niger
100%
Niger
100%
Niger
100%
Niger
100%
Niger
100%
Nigeria
100%
Nigeria
100%
Nigeria
100%
Nigeria
100%
Nigeria
100%
Norja
100%
Norja
100%
Norja
100%
Norja
100%
Norja
100%
Norja
100%
Norja
100%
Norja
100%
Norja
100%
Norja
100%
Norja
100%
Norja
100%
Norsunluurannikko
100%
Norsunluurannikko
100%
Norsunluurannikko
100%
Oman
100%
Oman
100%
Oman
100%
Oman
100%
Oman
100%
Pakistan
100%
Pakistan
100%
Pakistan
100%
Pakistan
100%
Panama
100%
Panama
100%
Papua-Uusi-Guinea
100%
Papua-Uusi-Guinea
100%
Papua-Uusi-Guinea
100%
Papua-Uusi-Guinea
100%
Papua-Uusi-Guinea
100%
Paraguay
100%
Paraguay
100%
Paraguay
100%
Paraguay
100%
Paraguay
100%
Peru
100%
Peru
100%
Peru
100%
Peru
100%
Peru
100%
Peru
100%
Peru
100%
Peru
100%
Peru
100%
Peru
100%
Peru
100%
Peru
100%
Peru
100%
Peru
100%
Peru
100%
Pohjois-Korea
100%
Pohjois-Korea
100%
Pohjois-Korea
100%
Portugali
100%
Portugali
100%
Puola
100%
Puola
100%
Puola
100%
Puola
100%
Puola
100%
Puola
100%
Puola
100%
Puola
100%
Puola
100%
Ranska
100%
Ranska
100%
Ranska
100%
Ranska
100%
Ranska
100%
Ranska
100%
Ranska
100%
Ranska
100%
Ranska
100%
Ranska
100%
Romania
100%
Romania
100%
Romania
100%
Ruotsi
100%
Ruotsi
100%
Ruotsi
100%
Ruotsi
100%
Ruotsi
100%
Ruotsi
100%
Ruotsi
100%
Ruotsi
100%
Ruotsi
100%
Ruotsi
100%
Ruotsi
100%
Saint Kitts ja Nevis
100%
Saint Vincent ja Grenadiinit
100%
Saksa
100%
Saksa
100%
Saksa
100%
Saksa
100%
Saksa
100%
Saksa
100%
Sambia
100%
Sambia
100%
Saudi-Arabia
100%
Saudi-Arabia
100%
Saudi-Arabia
100%
Saudi-Arabia
100%
Saudi-Arabia
100%
Saudi-Arabia
100%
Saudi-Arabia
100%
Saudi-Arabia
100%
Saudi-Arabia
100%
Saudi-Arabia
100%
Saudi-Arabia
100%
Saudi-Arabia
100%
Saudi-Arabia
100%
Saudi-Arabia
100%
Serbia
100%
Slovakia
100%
Slovakia
100%
Slovenia
100%
Somalia
100%
Somalia
100%
Somalia
100%
Somalia
100%
Somalia
100%
Sri Lanka
100%
Sudan
100%
Sudan
100%
Sudan
100%
Sudan
100%
Sudan
100%
Sudan
100%
Sudan
100%
Sudan
100%
Suomi
100%
Suomi
100%
Suomi
100%
Suomi
100%
Suomi
100%
Suomi
100%
Suomi
100%
Suomi
100%
Suomi
100%
Suomi
100%
Suomi
100%
Suomi
100%
Suomi
100%
Suriname
100%
Suriname
100%
Sveitsi
100%
Syyria
100%
Tansania
100%
Tansania
100%
Tanska
100%
Tanska
100%
Tanska
100%
Tanska
100%
Tanska
100%
Tanska
100%
Tanska
100%
Tanska
100%
Tanska
100%
Tanska
100%
Tanska
100%
Tanska
100%
Tanska
100%
Tanska
100%
Tanska
100%
Tanska
100%
Tanska
100%
Tanska
100%
Tanska
100%
Tanska
100%
Tanska
100%
Tanska
100%
Tanska
100%
Tanska
100%
Tanska
100%
Tanska
100%
Tanska
100%
Tanska
100%
Tanska
100%
Tanska
100%
Tanska
100%
Tanska
100%
Tanska
100%
Tanska
100%
Tanska
100%
Tanska
100%
Tanska
100%
Tanska
100%
Tanska
100%
Tanska
100%
Tanska
100%
Tanska
100%
Tanska
100%
Tanska
100%
Tanska
100%
Tanska
100%
Tanska
100%
Tanska
100%
Tanska
100%
Tanska
100%
Tanska
100%
Tanska
100%
Tanska
100%
Tanska
100%
Tanska
100%
Tanska
100%
Tanska
100%
Tanska
100%
Tanska
100%
Tanska
100%
Tanska
100%
Tanska
100%
Tanska
100%
Thaimaa
100%
Thaimaa
100%
Thaimaa
100%
Thaimaa
100%
Thaimaa
100%
Togo
100%
Tonga
100%
Tšad
100%
Tšad
100%
Tšad
100%
Tšad
100%
Tunisia
100%
Tunisia
100%
Turkki
100%
Turkki
100%
Turkki
100%
Turkki
100%
Turkki
100%
Turkki
100%
Turkki
100%
Turkki
100%
Turkki
100%
Turkki
100%
Turkki
100%
Turkki
100%
Turkki
100%
Turkki
100%
Turkki
100%
Turkki
100%
Turkki
100%
Turkmenistan
100%
Turkmenistan
100%
Uganda
100%
Uganda
100%
Ukraina
100%
Ukraina
100%
Ukraina
100%
Ukraina
100%
Ukraina
100%
Ukraina
100%
Ukraina
100%
Ukraina
100%
Ukraina
100%
Uruguay
100%
Uruguay
100%
Uusi-Seelanti
100%
Uzbekistan
100%
Valko-Venäjä
100%
Valko-Venäjä
100%
Valko-Venäjä
100%
Venäjä
100%
Venäjä
100%
Venäjä
100%
Venäjä
100%
Venäjä
100%
Venäjä
100%
Venäjä
100%
Venäjä
100%
Venäjä
100%
Venäjä
100%
Venäjä
100%
Venäjä
100%
Venäjä
100%
Venäjä
100%
Venäjä
100%
Venäjä
100%
Venäjä
100%
Venäjä
100%
Venäjä
100%
Venäjä
100%
Venäjä
100%
Venäjä
100%
Venäjä
100%
Venäjä
100%
Venäjä
100%
Venäjä
100%
Venäjä
100%
Venäjä
100%
Venäjä
100%
Venäjä
100%
Venäjä
100%
Venäjä
100%
Venäjä
100%
Venäjä
100%
Venäjä
100%
Venäjä
100%
Venäjä
100%
Venäjä
100%
Venäjä
100%
Venäjä
100%
Venäjä
100%
Venäjä
100%
Venäjä
100%
Venäjä
100%
Venäjä
100%
Venäjä
100%
Venäjä
100%
Venäjä
100%
Venäjä
100%
Venäjä
100%
Venäjä
100%
Venäjä
100%
Venäjä
100%
Venäjä
100%
Venäjä
100%
Venäjä
100%
Venäjä
100%
Venäjä
100%
Venäjä
100%
Venäjä
100%
Venäjä
100%
Venäjä
100%
Venäjä
100%
Venäjä
100%
Venäjä
100%
Venäjä
100%
Venäjä
100%
Venäjä
100%
Venäjä
100%
Venäjä
100%
Venäjä
100%
Venäjä
100%
Venäjä
100%
Venäjä
100%
Venäjä
100%
Venäjä
100%
Venäjä
100%
Venäjä
100%
Venäjä
100%
Venäjä
100%
Venäjä
100%
Venäjä
100%
Venäjä
100%
Venäjä
100%
Venäjä
100%
Venäjä
100%
Venäjä
100%
Venäjä
100%
Venäjä
100%
Venäjä
100%
Venäjä
100%
Venäjä
100%
Venäjä
100%
Venäjä
100%
Venäjä
100%
Venäjä
100%
Venäjä
100%
Venäjä
100%
Venäjä
100%
Venäjä
100%
Venäjä
100%
Venäjä
100%
Venäjä
100%
Venäjä
100%
Venäjä
100%
Venäjä
100%
Venäjä
100%
Venäjä
100%
Venäjä
100%
Venäjä
100%
Venäjä
100%
Venäjä
100%
Venäjä
100%
Venäjä
100%
Venäjä
100%
Venäjä
100%
Venäjä
100%
Venäjä
100%
Venäjä
100%
Venäjä
100%
Venäjä
100%
Venäjä
100%
Venäjä
100%
Venäjä
100%
Venäjä
100%
Venäjä
100%
Venäjä
100%
Venäjä
100%
Venäjä
100%
Venäjä
100%
Venäjä
100%
Venäjä
100%
Venäjä
100%
Venäjä
100%
Venäjä
100%
Venäjä
100%
Venäjä
100%
Venäjä
100%
Venäjä
100%
Venäjä
100%
Venäjä
100%
Venäjä
100%
Venäjä
100%
Venäjä
100%
Venäjä
100%
Venäjä
100%
Venäjä
100%
Venäjä
100%
Venäjä
100%
Venäjä
100%
Venäjä
100%
Venäjä
100%
Venäjä
100%
Venäjä
100%
Venäjä
100%
Venäjä
100%
Venäjä
100%
Venäjä
100%
Venäjä
100%
Venäjä
100%
Venäjä
100%
Venäjä
100%
Venäjä
100%
Venäjä
100%
Venäjä
100%
Venäjä
100%
Venäjä
100%
Venäjä
100%
Venäjä
100%
Venäjä
100%
Venäjä
100%
Venäjä
100%
Venäjä
100%
Venäjä
100%
Venäjä
100%
Venäjä
100%
Venäjä
100%
Venäjä
100%
Venäjä
100%
Venäjä
100%
Venäjä
100%
Venäjä
100%
Venäjä
100%
Venäjä
100%
Venäjä
100%
Venäjä
100%
Venäjä
100%
Venäjä
100%
Venäjä
100%
Venäjä
100%
Venäjä
100%
Venäjä
100%
Venäjä
100%
Venäjä
100%
Venäjä
100%
Venäjä
100%
Venäjä
100%
Venäjä
100%
Venäjä
100%
Venäjä
100%
Venäjä
100%
Venäjä
100%
Venäjä
100%
Venäjä
100%
Venäjä
100%
Venäjä
100%
Venäjä
100%
Venäjä
100%
Venäjä
100%
Venäjä
100%
Venäjä
100%
Venäjä
100%
Venäjä
100%
Venäjä
100%
Venäjä
100%
Venäjä
100%
Venäjä
100%
Venäjä
100%
Venäjä
100%
Venäjä
100%
Venäjä
100%
Venäjä
100%
Venäjä
100%
Venäjä
100%
Venäjä
100%
Venäjä
100%
Venäjä
100%
Venäjä
100%
Venäjä
100%
Venäjä
100%
Venäjä
100%
Venäjä
100%
Venäjä
100%
Venäjä
100%
Venäjä
100%
Venäjä
100%
Venäjä
100%
Venäjä
100%
Venäjä
100%
Venäjä
100%
Venäjä
100%
Venäjä
100%
Venäjä
100%
Venäjä
100%
Venäjä
100%
Venäjä
100%
Venäjä
100%
Venäjä
100%
Venäjä
100%
Venäjä
100%
Venäjä
100%
Venäjä
100%
Venäjä
100%
Venäjä
100%
Venäjä
100%
Venäjä
100%
Venäjä
100%
Venäjä
100%
Venäjä
100%
Venäjä
100%
Venäjä
100%
Venäjä
100%
Venäjä
100%
Venäjä
100%
Venäjä
100%
Venäjä
100%
Venäjä
100%
Venäjä
100%
Venäjä
100%
Venäjä
100%
Venäjä
100%
Venäjä
100%
Venäjä
100%
Venäjä
100%
Venäjä
100%
Venäjä
100%
Venäjä
100%
Venäjä
100%
Venäjä
100%
Venäjä
100%
Venäjä
100%
Venäjä
100%
Venäjä
100%
Venäjä
100%
Venäjä
100%
Venäjä
100%
Venäjä
100%
Venäjä
100%
Venäjä
100%
Venäjä
100%
Venäjä
100%
Venäjä
100%
Venäjä
100%
Venäjä
100%
Venäjä
100%
Venäjä
100%
Venäjä
100%
Venäjä
100%
Venäjä
100%
Venäjä
100%
Venäjä
100%
Venäjä
100%
Venäjä
100%
Venäjä
100%
Venäjä
100%
Venäjä
100%
Venäjä
100%
Venäjä
100%
Venäjä
100%
Venäjä
100%
Venäjä
100%
Venäjä
100%
Venäjä
100%
Venäjä
100%
Venäjä
100%
Venäjä
100%
Venäjä
100%
Venäjä
100%
Venäjä
100%
Venäjä
100%
Venäjä
100%
Venäjä
100%
Venäjä
100%
Venäjä
100%
Venäjä
100%
Venäjä
100%
Venäjä
100%
Venäjä
100%
Venäjä
100%
Venäjä
100%
Venäjä
100%
Venäjä
100%
Venäjä
100%
Venäjä
100%
Venäjä
100%
Venäjä
100%
Venäjä
100%
Venäjä
100%
Venäjä
100%
Venäjä
100%
Venäjä
100%
Venäjä
100%
Venäjä
100%
Venäjä
100%
Venäjä
100%
Venäjä
100%
Venäjä
100%
Venäjä
100%
Venäjä
100%
Venäjä
100%
Venäjä
100%
Venäjä
100%
Venäjä
100%
Venäjä
100%
Venäjä
100%
Venäjä
100%
Venäjä
100%
Venäjä
100%
Venäjä
100%
Venäjä
100%
Venäjä
100%
Venäjä
100%
Venäjä
100%
Venäjä
100%
Venäjä
100%
Venäjä
100%
Venäjä
100%
Venäjä
100%
Venäjä
100%
Venäjä
100%
Venäjä
100%
Venäjä
100%
Venäjä
100%
Venäjä
100%
Venäjä
100%
Venäjä
100%
Venäjä
100%
Venäjä
100%
Venäjä
100%
Venäjä
100%
Venäjä
100%
Venäjä
100%
Venäjä
100%
Venäjä
100%
Venäjä
100%
Venäjä
100%
Venäjä
100%
Venäjä
100%
Venäjä
100%
Venäjä
100%
Venäjä
100%
Venäjä
100%
Venäjä
100%
Venäjä
100%
Venäjä
100%
Venäjä
100%
Venäjä
100%
Venäjä
100%
Venäjä
100%
Venäjä
100%
Venäjä
100%
Venäjä
100%
Venäjä
100%
Venäjä
100%
Venäjä
100%
Venäjä
100%
Venäjä
100%
Venäjä
100%
Venäjä
100%
Venäjä
100%
Venäjä
100%
Venäjä
100%
Venäjä
100%
Venäjä
100%
Venäjä
100%
Venäjä
100%
Venäjä
100%
Venäjä
100%
Venäjä
100%
Venäjä
100%
Venäjä
100%
Venäjä
100%
Venäjä
100%
Venäjä
100%
Venäjä
100%
Venezuela
100%
Venezuela
100%
Venezuela
100%
Venezuela
100%
Venezuela
100%
Venezuela
100%
Venezuela
100%
Venezuela
100%
Vietnam
100%
Vietnam
100%
Viro
100%
Viro
100%
Yhdistynyt kuningaskunta
100%
Yhdistynyt kuningaskunta
100%
Yhdistynyt kuningaskunta
100%
Yhdistynyt kuningaskunta
100%
Yhdistynyt kuningaskunta
100%
Yhdistynyt kuningaskunta
100%
Yhdistynyt kuningaskunta
100%
Yhdistynyt kuningaskunta
100%
Yhdistynyt kuningaskunta
100%
Yhdistynyt kuningaskunta
100%
Yhdistynyt kuningaskunta
100%
Yhdistynyt kuningaskunta
100%
Yhdysvallat
100%
Yhdysvallat
100%
Yhdysvallat
100%
Yhdysvallat
100%
Yhdysvallat
100%
Yhdysvallat
100%
Yhdysvallat
100%
Yhdysvallat
100%
Yhdysvallat
100%
Yhdysvallat
100%
Yhdysvallat
100%
Yhdysvallat
100%
Yhdysvallat
100%
Yhdysvallat
100%
Yhdysvallat
100%
Yhdysvallat
100%
Yhdysvallat
100%
Yhdysvallat
100%
Yhdysvallat
100%
Yhdysvallat
100%
Yhdysvallat
100%
Yhdysvallat
100%
Yhdysvallat
100%
Yhdysvallat
100%
Yhdysvallat
100%
Yhdysvallat
100%
Yhdysvallat
100%
Yhdysvallat
100%
Yhdysvallat
100%
Yhdysvallat
100%
Yhdysvallat
100%
Yhdysvallat
100%
Yhdysvallat
100%
Yhdysvallat
100%
Yhdysvallat
100%
Yhdysvallat
100%
Yhdysvallat
100%
Yhdysvallat
100%
Yhdysvallat
100%
Yhdysvallat
100%
Yhdysvallat
100%
Yhdysvallat
100%
Yhdysvallat
100%
Yhdysvallat
100%
Yhdysvallat
100%
Yhdysvallat
100%
Yhdysvallat
100%
Yhdysvallat
100%
Yhdysvallat
100%
Yhdysvallat
100%
Yhdysvallat
100%
Yhdysvallat
100%
Yhdysvallat
100%
Yhdysvallat
100%
Yhdysvallat
100%
Yhdysvallat
100%
Yhdysvallat
100%
Yhdysvallat
100%
Yhdysvallat
100%
Yhdysvallat
100%
Yhdysvallat
100%
Yhdysvallat
100%
Yhdysvallat
100%
Yhdysvallat
100%
Yhdysvallat
100%
Yhdysvallat
100%
Yhdysvallat
100%
Yhdysvallat
100%
Yhdysvallat
100%
Yhdysvallat
100%
Yhdysvallat
100%
Yhdysvallat
100%
Yhdysvallat
100%
Yhdysvallat
100%
Yhdysvallat
100%
Yhdysvallat
100%
Yhdysvallat
100%
Yhdysvallat
100%
Yhdysvallat
100%
Yhdysvallat
100%
Yhdysvallat
100%
Yhdysvallat
100%
Yhdysvallat
100%
Yhdysvallat
100%
Yhdysvallat
100%
Yhdysvallat
100%
Yhdysvallat
100%
Yhdysvallat
100%
Yhdysvallat
100%
Yhdysvallat
100%
Yhdysvallat
100%
Yhdysvallat
100%
Yhdysvallat
100%
Yhdysvallat
100%
Yhdysvallat
100%
Yhdysvallat
100%
Yhdysvallat
100%
Yhdysvallat
100%
Yhdysvallat
100%
Yhdysvallat
100%
Yhdysvallat
100%
Yhdysvallat
100%
Yhdysvallat
100%
Yhdysvallat
100%
Yhdysvallat
100%
Yhdysvallat
100%
Yhdysvallat
100%
Yhdysvallat
100%
Yhdysvallat
100%
Yhdysvallat
100%
Yhdysvallat
100%
Yhdysvallat
100%
Yhdysvallat
100%
Yhdysvallat
100%
Yhdysvallat
100%
Yhdysvallat
100%
Yhdysvallat
100%
Yhdysvallat
100%
Yhdysvallat
100%
Yhdysvallat
100%
Yhdysvallat
100%
Yhdysvallat
100%
Yhdysvallat
100%
Yhdysvallat
100%
Yhdysvallat
100%
Yhdysvallat
100%
Yhdysvallat
100%
Yhdysvallat
100%
Yhdysvallat
100%
Yhdysvallat
100%
Yhdysvallat
100%
Yhdysvallat
100%
Yhdysvallat
100%
Yhdysvallat
100%
Yhdysvallat
100%
Yhdysvallat
100%
Yhdysvallat
100%
Yhdysvallat
100%
Yhdysvallat
100%
Yhdysvallat
100%
Yhdysvallat
100%
Yhdysvallat
100%
Yhdysvallat
100%
Yhdysvallat
100%
Yhdysvallat
100%
Yhdysvallat
100%
Yhdysvallat
100%
Yhdysvallat
100%
Yhdysvallat
100%
Yhdysvallat
100%
Yhdysvallat
100%
Yhdysvallat
100%
Yhdysvallat
100%
Yhdysvallat
100%
Yhdysvallat
100%
Yhdysvallat
100%
Yhdysvallat
100%
Yhdysvallat
100%
Yhdysvallat
100%
Yhdysvallat
100%
Yhdysvallat
100%
Yhdysvallat
100%
Yhdysvallat
100%
Yhdysvallat
100%
Yhdysvallat
100%
Yhdysvallat
100%
Yhdysvallat
100%
Yhdysvallat
100%
Yhdysvallat
100%
Yhdysvallat
100%
Yhdysvallat
100%
Yhdysvallat
100%
Yhdysvallat
100%
Yhdysvallat
100%
Yhdysvallat
100%
Yhdysvallat
100%
Yhdysvallat
100%
Yhdysvallat
100%
Yhdysvallat
100%
Yhdysvallat
100%
Yhdysvallat
100%
Yhdysvallat
100%
Yhdysvallat
100%
Yhdysvallat
100%
Yhdysvallat
100%
Yhdysvallat
100%
Yhdysvallat
100%
Yhdysvallat
100%
Yhdysvallat
100%
Yhdysvallat
100%
Yhdysvallat
100%
Yhdysvallat
100%
Yhdysvallat
100%
Yhdysvallat
100%
Yhdysvallat
100%
Yhdysvallat
100%
Yhdysvallat
100%
Yhdysvallat
100%
Yhdysvallat
100%
Zimbabwe
100%
Zimbabwe
100%
Saudi-Arabia
88%
Australia
86%
Brasilia
86%
Intia
86%
Kiina
86%
Australia
83%
Brasilia
83%
Brasilia
83%
Kanada
83%
Kanada
83%
Marokko
83%
Romania
83%
Saudi-Arabia
83%
Turkki
83%
Venäjä
83%
Venäjä
83%
Yhdysvallat
83%
Algeria
80%
Australia
80%
Australia
80%
Egypti
80%
Egypti
80%
Egypti
80%
Italia
80%
Itävalta
80%
Kanada
80%
Kanada
80%
Kanada
80%
Kazakstan
80%
Kiina
80%
Kiina
80%
Kiina
80%
Kiina
80%
Kiina
80%
Kiina
80%
Kiina
80%
Kreikka
80%
Madagaskar
80%
Niger
80%
Peru
80%
Portugali
80%
Romania
80%
Tšad
80%
Venäjä
80%
Venäjä
80%
Venäjä
80%
Venäjä
80%
Venäjä
80%
Venäjä
80%
Yhdistynyt kuningaskunta
80%
Yhdysvallat
80%
Yhdysvallat
80%
Afganistan
75%
Angola
75%
Argentiina
75%
Australia
75%
Australia
75%
Bahama
75%
Bolivia
75%
Brasilia
75%
Brasilia
75%
Chile
75%
Egypti
75%
Espanja
75%
Espanja
75%
Etelä-Sudan
75%
Filippiinit
75%
Indonesia
75%
Indonesia
75%
Intia
75%
Intia
75%
Iran
75%
Iran
75%
Iran
75%
Italia
75%
Kanada
75%
Kanada
75%
Kanada
75%
Kanada
75%
Kanada
75%
Kanada
75%
Kanada
75%
Kanada
75%
Kanada
75%
Kanada
75%
Kazakstan
75%
Kazakstan
75%
Kazakstan
75%
Kazakstan
75%
Kenia
75%
Kiina
75%
Kiina
75%
Kiina
75%
Kiina
75%
Kiina
75%
Kiina
75%
Kiina
75%
Kreikka
75%
Kreikka
75%
Malesia
75%
Mali
75%
Marokko
75%
Marokko
75%
Marokko
75%
Meksiko
75%
Mongolia
75%
Mongolia
75%
Mongolia
75%
Myanmar
75%
Niger
75%
Niger
75%
Norja
75%
Panama
75%
Paraguay
75%
Peru
75%
Peru
75%
Ranska
75%
Ranska
75%
Saudi-Arabia
75%
Saudi-Arabia
75%
Somalia
75%
Sudan
75%
Sudan
75%
Tanska
75%
Tanska
75%
Tanska
75%
Tanska
75%
Tunisia
75%
Turkki
75%
Uusi-Seelanti
75%
Venäjä
75%
Venäjä
75%
Venäjä
75%
Venäjä
75%
Venäjä
75%
Venäjä
75%
Venäjä
75%
Venezuela
75%
Yhdysvallat
75%
Yhdysvallat
75%
Yhdysvallat
75%
Alankomaat
67%
Algeria
67%
Algeria
67%
Algeria
67%
Algeria
67%
Angola
67%
Argentiina
67%
Argentiina
67%
Argentiina
67%
Argentiina
67%
Argentiina
67%
Australia
67%
Australia
67%
Australia
67%
Australia
67%
Australia
67%
Australia
67%
Australia
67%
Australia
67%
Australia
67%
Australia
67%
Australia
67%
Azerbaidžan
67%
Azerbaidžan
67%
Bolivia
67%
Bolivia
67%
Bolivia
67%
Botswana
67%
Brasilia
67%
Brasilia
67%
Brasilia
67%
Brasilia
67%
Brasilia
67%
Brasilia
67%
Brasilia
67%
Brasilia
67%
Brasilia
67%
Burkina Faso
67%
Chile
67%
Chile
67%
Chile
67%
Chile
67%
Ecuador
67%
Egypti
67%
Egypti
67%
Eritrea
67%
Espanja
67%
Etelä-Korea
67%
Etelä-Sudan
67%
Etiopia
67%
Gabon
67%
Indonesia
67%
Indonesia
67%
Indonesia
67%
Indonesia
67%
Intia
67%
Intia
67%
Intia
67%
Intia
67%
Irak
67%
Iran
67%
Iran
67%
Japani
67%
Jemen
67%
Kanada
67%
Kanada
67%
Kanada
67%
Kanada
67%
Kanada
67%
Kazakstan
67%
Kazakstan
67%
Kazakstan
67%
Kazakstan
67%
Kazakstan
67%
Kazakstan
67%
Kenia
67%
Kenia
67%
Kiina
67%
Kiina
67%
Kiina
67%
Kiina
67%
Kiina
67%
Kiina
67%
Kiina
67%
Kiina
67%
Kiina
67%
Kiina
67%
Kiina
67%
Kiina
67%
Kiina
67%
Kiina
67%
Kiina
67%
Kirgisia
67%
Kongon demokraattinen tasavalta
67%
Kongon demokraattinen tasavalta
67%
Kongon demokraattinen tasavalta
67%
Kongon demokraattinen tasavalta
67%
Kreikka
67%
Laos
67%
Libya
67%
Libya
67%
Libya
67%
Liettua
67%
Malawi
67%
Mali
67%
Mauritania
67%
Mauritania
67%
Mauritania
67%
Mauritania
67%
Mauritania
67%
Meksiko
67%
Meksiko
67%
Meksiko
67%
Moldova
67%
Mongolia
67%
Mongolia
67%
Myanmar
67%
Nepal
67%
Niger
67%
Nigeria
67%
Oman
67%
Pakistan
67%
Pakistan
67%
Papua-Uusi-Guinea
67%
Paraguay
67%
Peru
67%
Saksa
67%
San Marino
67%
Saudi-Arabia
67%
Saudi-Arabia
67%
Saudi-Arabia
67%
Serbia
67%
Singapore
67%
Somalia
67%
Syyria
67%
Taiwan
67%
Tanska
67%
Tanska
67%
Tanska
67%
Tanska
67%
Tanska
67%
Thaimaa
67%
Tšad
67%
Tšad
67%
Tšad
67%
Tšekki
67%
Tunisia
67%
Tuvalu
67%
Ukraina
67%
Ukraina
67%
Uusi-Seelanti
67%
Uzbekistan
67%
Venäjä
67%
Venäjä
67%
Venäjä
67%
Venäjä
67%
Venäjä
67%
Venäjä
67%
Venäjä
67%
Venäjä
67%
Venäjä
67%
Venäjä
67%
Yhdistyneet arabiemiirikunnat
67%
Yhdistyneet arabiemiirikunnat
67%
Yhdysvallat
67%
Yhdysvallat
67%
Bolivia
63%
Armenia
60%
Australia
60%
Costa Rica
60%
Georgia
60%
Indonesia
60%
Indonesia
60%
Kanada
60%
Kazakstan
60%
Keski-Afrikan tasavalta
60%
Kiina
60%
Myanmar
60%
Myanmar
60%
Palau
60%
Papua-Uusi-Guinea
60%
Tanska
60%
Tšad
60%
Ukraina
60%
Venäjä
60%
Venezuela
60%
Venezuela
60%
Yhdysvallat
60%
Afganistan
50%
Algeria
50%
Algeria
50%
Algeria
50%
Algeria
50%
Algeria
50%
Angola
50%
Angola
50%
Angola
50%
Angola
50%
Angola
50%
Antigua ja Barbuda
50%
Argentiina
50%
Argentiina
50%
Argentiina
50%
Argentiina
50%
Argentiina
50%
Argentiina
50%
Australia
50%
Australia
50%
Australia
50%
Australia
50%
Australia
50%
Australia
50%
Australia
50%
Australia
50%
Australia
50%
Australia
50%
Bangladesh
50%
Bangladesh
50%
Bolivia
50%
Bolivia
50%
Bosnia ja Hertsegovina
50%
Botswana
50%
Brasilia
50%
Brasilia
50%
Brasilia
50%
Brasilia
50%
Brasilia
50%
Brasilia
50%
Brasilia
50%
Brasilia
50%
Brasilia
50%
Burkina Faso
50%
Chile
50%
Costa Rica
50%
Ecuador
50%
Ecuador
50%
Ecuador
50%
Egypti
50%
Espanja
50%
Etelä-Afrikka
50%
Etelä-Afrikka
50%
Etelä-Afrikka
50%
Etelä-Afrikka
50%
Etelä-Afrikka
50%
Etelä-Afrikka
50%
Etelä-Afrikka
50%
Etelä-Sudan
50%
Etelä-Sudan
50%
Etiopia
50%
Etiopia
50%
Etiopia
50%
Etiopia
50%
Filippiinit
50%
Gabon
50%
Gabon
50%
Ghana
50%
Guatemala
50%
Guatemala
50%
Indonesia
50%
Indonesia
50%
Indonesia
50%
Indonesia
50%
Indonesia
50%
Indonesia
50%
Intia
50%
Intia
50%
Intia
50%
Intia
50%
Intia
50%
Intia
50%
Irak
50%
Irak
50%
Iran
50%
Iran
50%
Iran
50%
Iran
50%
Iran
50%
Iran
50%
Iran
50%
Italia
50%
Jamaika
50%
Japani
50%
Japani
50%
Jemen
50%
Kamerun
50%
Kanada
50%
Kanada
50%
Kanada
50%
Kanada
50%
Kanada
50%
Kanada
50%
Kanada
50%
Kanada
50%
Kanada
50%
Kanada
50%
Kanada
50%
Kanada
50%
Kanada
50%
Kanada
50%
Kanada
50%
Kap Verde
50%
Kazakstan
50%
Kazakstan
50%
Kazakstan
50%
Kazakstan
50%
Kazakstan
50%
Kazakstan
50%
Kazakstan
50%
Kazakstan
50%
Kazakstan
50%
Kazakstan
50%
Keski-Afrikan tasavalta
50%
Kiina
50%
Kiina
50%
Kiina
50%
Kiina
50%
Kiina
50%
Kiina
50%
Kiina
50%
Kiina
50%
Kiina
50%
Kiina
50%
Kiina
50%
Kiina
50%
Kiina
50%
Kiina
50%
Kiina
50%
Kiina
50%
Kiina
50%
Kiina
50%
Kiina
50%
Kiina
50%
Kolumbia
50%
Kolumbia
50%
Kolumbia
50%
Kongon demokraattinen tasavalta
50%
Kongon demokraattinen tasavalta
50%
Kongon demokraattinen tasavalta
50%
Kongon demokraattinen tasavalta
50%
Libya
50%
Libya
50%
Libya
50%
Libya
50%
Libya
50%
Libya
50%
Libya
50%
Libya
50%
Madagaskar
50%
Malawi
50%
Malediivit
50%
Malesia
50%
Mali
50%
Mali
50%
Marokko
50%
Marokko
50%
Marokko
50%
Marokko
50%
Mauritania
50%
Mauritania
50%
Mauritania
50%
Meksiko
50%
Moldova
50%
Mongolia
50%
Mongolia
50%
Mongolia
50%
Mongolia
50%
Mongolia
50%
Mongolia
50%
Mosambik
50%
Mosambik
50%
Myanmar
50%
Myanmar
50%
Myanmar
50%
Namibia
50%
Namibia
50%
Namibia
50%
Namibia
50%
Namibia
50%
Namibia
50%
Nicaragua
50%
Nicaragua
50%
Niger
50%
Niger
50%
Niger
50%
Niger
50%
Niger
50%
Nigeria
50%
Nigeria
50%
Nigeria
50%
Nigeria
50%
Norja
50%
Norja
50%
Pakistan
50%
Pakistan
50%
Pakistan
50%
Pakistan
50%
Pakistan
50%
Pakistan
50%
Papua-Uusi-Guinea
50%
Paraguay
50%
Paraguay
50%
Pohjois-Korea
50%
Pohjois-Korea
50%
Pohjois-Korea
50%
Qatar
50%
Ranska
50%
Ranska
50%
Romania
50%
Ruotsi
50%
Salomonsaaret
50%
São Tomé ja Príncipe
50%
São Tomé ja Príncipe
50%
Saudi-Arabia
50%
Saudi-Arabia
50%
Saudi-Arabia
50%
Senegal
50%
Slovakia
50%
Somalia
50%
Somalia
50%
Somalia
50%
Somalia
50%
Somalia
50%
Sudan
50%
Sudan
50%
Sudan
50%
Sudan
50%
Sudan
50%
Sudan
50%
Syyria
50%
Syyria
50%
Taiwan
50%
Tansania
50%
Tansania
50%
Tansania
50%
Tansania
50%
Tanska
50%
Tanska
50%
Tanska
50%
Tanska
50%
Tanska
50%
Tanska
50%
Tanska
50%
Thaimaa
50%
Trinidad ja Tobago
50%
Tšad
50%
Tšad
50%
Tšad
50%
Tšad
50%
Tšad
50%
Tšekki
50%
Turkki
50%
Turkmenistan
50%
Ukraina
50%
Unkari
50%
Unkari
50%
Uruguay
50%
Uusi-Seelanti
50%
Uusi-Seelanti
50%
Uusi-Seelanti
50%
Uzbekistan
50%
Uzbekistan
50%
Valko-Venäjä
50%
Valko-Venäjä
50%
Vanuatu
50%
Venäjä
50%
Venäjä
50%
Venäjä
50%
Venäjä
50%
Venäjä
50%
Venäjä
50%
Venäjä
50%
Venäjä
50%
Venäjä
50%
Venäjä
50%
Venäjä
50%
Venäjä
50%
Venäjä
50%
Venäjä
50%
Venäjä
50%
Venäjä
50%
Venäjä
50%
Venäjä
50%
Venäjä
50%
Venezuela
50%
Vietnam
50%
Vietnam
50%
Yhdistyneet arabiemiirikunnat
50%
Yhdysvallat
50%
Yhdysvallat
50%
Yhdysvallat
50%
Yhdysvallat
50%
Yhdysvallat
50%
Zimbabwe
50%
Afganistan
40%
Filippiinit
40%
Indonesia
40%
Indonesia
40%
Iran
40%
Keski-Afrikan tasavalta
40%
Mauritania
40%
Mosambik
40%
Niger
40%
Niger
40%
Serbia
40%
Taiwan
40%
Turkmenistan
40%
Afganistan
33%
Algeria
33%
Algeria
33%
Angola
33%
Angola
33%
Argentiina
33%
Argentiina
33%
Argentiina
33%
Australia
33%
Australia
33%
Australia
33%
Belize
33%
Bolivia
33%
Botswana
33%
Botswana
33%
Brasilia
33%
Burundi
33%
Chile
33%
Chile
33%
Dominikaaninen tasavalta
33%
Egypti
33%
Etelä-Afrikka
33%
Etelä-Afrikka
33%
Etiopia
33%
Etiopia
33%
Filippiinit
33%
Ghana
33%
Indonesia
33%
Indonesia
33%
Intia
33%
Irak
33%
Irak
33%
Irak
33%
Jemen
33%
Kamerun
33%
Kamerun
33%
Kamerun
33%
Kazakstan
33%
Kazakstan
33%
Kiina
33%
Kiina
33%
Kolumbia
33%
Kongon demokraattinen tasavalta
33%
Kongon demokraattinen tasavalta
33%
Kongon demokraattinen tasavalta
33%
Kongon demokraattinen tasavalta
33%
Kongon tasavalta
33%
Laos
33%
Libya
33%
Malesia
33%
Malesia
33%
Malesia
33%
Mali
33%
Marokko
33%
Marokko
33%
Mauritania
33%
Mauritania
33%
Mikronesia
33%
Mosambik
33%
Mosambik
33%
Namibia
33%
Nepal
33%
Nicaragua
33%
Nigeria
33%
Nigeria
33%
Papua-Uusi-Guinea
33%
Pohjois-Makedonia
33%
Ruanda
33%
Salomonsaaret
33%
Salomonsaaret
33%
Sambia
33%
Sambia
33%
Sambia
33%
Saudi-Arabia
33%
Saudi-Arabia
33%
Senegal
33%
Senegal
33%
Sudan
33%
Sudan
33%
Sudan
33%
Suriname
33%
Sveitsi
33%
Syyria
33%
Tadžikistan
33%
Tansania
33%
Tansania
33%
Thaimaa
33%
Turkmenistan
33%
Ukraina
33%
Uusi-Seelanti
33%
Uusi-Seelanti
33%
Uzbekistan
33%
Venezuela
33%
Venezuela
33%
Venezuela
33%
Vietnam
33%
Yhdistynyt kuningaskunta
33%
Yhdistynyt kuningaskunta
33%
Algeria
25%
Algeria
25%
Bahrain
25%
Bosnia ja Hertsegovina
25%
Dominikaaninen tasavalta
25%
Georgia
25%
Jamaika
25%
Jemen
25%
Jordania
25%
Kazakstan
25%
Kiina
25%
Kirgisia
25%
Kirgisia
25%
Kongon demokraattinen tasavalta
25%
Libya
25%
Mikronesia
25%
Mongolia
25%
Samoa
25%
Tansania
25%
Turkmenistan
25%
Uganda
25%
Angola
20%
Haiti
20%
Kirgisia
20%
Kiribati
20%
Nicaragua
20%
Pakistan
20%
Jordania
17%
Afganistan
0%
Afganistan
0%
Afganistan
0%
Afganistan
0%
Afganistan
0%
Afganistan
0%
Alankomaat
0%
Alankomaat
0%
Alankomaat
0%
Algeria
0%
Algeria
0%
Algeria
0%
Algeria
0%
Algeria
0%
Algeria
0%
Algeria
0%
Algeria
0%
Algeria
0%
Algeria
0%
Algeria
0%
Angola
0%
Angola
0%
Angola
0%
Angola
0%
Angola
0%
Angola
0%
Angola
0%
Angola
0%
Angola
0%
Antigua ja Barbuda
0%
Argentiina
0%
Argentiina
0%
Argentiina
0%
Argentiina
0%
Argentiina
0%
Argentiina
0%
Argentiina
0%
Argentiina
0%
Argentiina
0%
Argentiina
0%
Argentiina
0%
Argentiina
0%
Armenia
0%
Australia
0%
Australia
0%
Australia
0%
Australia
0%
Australia
0%
Australia
0%
Australia
0%
Australia
0%
Australia
0%
Australia
0%
Australia
0%
Australia
0%
Australia
0%
Australia
0%
Australia
0%
Australia
0%
Australia
0%
Australia
0%
Australia
0%
Australia
0%
Australia
0%
Australia
0%
Australia
0%
Australia
0%
Australia
0%
Australia
0%
Australia
0%
Australia
0%
Australia
0%
Australia
0%
Australia
0%
Bahama
0%
Bahama
0%
Barbados
0%
Belgia
0%
Benin
0%
Benin
0%
Bolivia
0%
Bolivia
0%
Bolivia
0%
Bolivia
0%
Bolivia
0%
Bosnia ja Hertsegovina
0%
Botswana
0%
Botswana
0%
Botswana
0%
Botswana
0%
Botswana
0%
Botswana
0%
Botswana
0%
Brasilia
0%
Brasilia
0%
Brasilia
0%
Brasilia
0%
Brasilia
0%
Brasilia
0%
Brasilia
0%
Brasilia
0%
Brasilia
0%
Brasilia
0%
Brasilia
0%
Brasilia
0%
Brasilia
0%
Brasilia
0%
Brasilia
0%
Brasilia
0%
Brasilia
0%
Brasilia
0%
Brunei
0%
Bulgaria
0%
Bulgaria
0%
Bulgaria
0%
Burkina Faso
0%
Burkina Faso
0%
Chile
0%
Chile
0%
Chile
0%
Djibouti
0%
Dominica
0%
Ecuador
0%
Ecuador
0%
Egypti
0%
Egypti
0%
Egypti
0%
Egypti
0%
Egypti
0%
El Salvador
0%
Eritrea
0%
Eritrea
0%
Eritrea
0%
Espanja
0%
Espanja
0%
Etelä-Afrikka
0%
Etelä-Afrikka
0%
Etelä-Afrikka
0%
Etelä-Afrikka
0%
Etelä-Afrikka
0%
Etelä-Afrikka
0%
Etelä-Korea
0%
Etelä-Sudan
0%
Etelä-Sudan
0%
Etelä-Sudan
0%
Etelä-Sudan
0%
Etelä-Sudan
0%
Etiopia
0%
Etiopia
0%
Etiopia
0%
Etiopia
0%
Etiopia
0%
Etiopia
0%
Etiopia
0%
Fidži
0%
Fidži
0%
Fidži
0%
Filippiinit
0%
Filippiinit
0%
Gabon
0%
Gambia
0%
Gambia
0%
Georgia
0%
Ghana
0%
Ghana
0%
Grenada
0%
Guinea
0%
Guinea
0%
Guinea
0%
Guinea
0%
Guinea-Bissau
0%
Guinea-Bissau
0%
Guyana
0%
Guyana
0%
Guyana
0%
Honduras
0%
Honduras
0%
Indonesia
0%
Indonesia
0%
Indonesia
0%
Indonesia
0%
Indonesia
0%
Indonesia
0%
Indonesia
0%
Indonesia
0%
Indonesia
0%
Indonesia
0%
Indonesia
0%
Indonesia
0%
Indonesia
0%
Intia
0%
Intia
0%
Intia
0%
Intia
0%
Intia
0%
Intia
0%
Intia
0%
Intia
0%
Iran
0%
Iran
0%
Iran
0%
Iran
0%
Iran
0%
Iran
0%
Iran
0%
Iran
0%
Iran
0%
Iran
0%
Irlanti
0%
Islanti
0%
Islanti
0%
Israel
0%
Itä-Timor
0%
Itävalta
0%
Itävalta
0%
Japani
0%
Japani
0%
Japani
0%
Jemen
0%
Jemen
0%
Jemen
0%
Jemen
0%
Jemen
0%
Jordania
0%
Kambodža
0%
Kambodža
0%
Kamerun
0%
Kamerun
0%
Kamerun
0%
Kamerun
0%
Kamerun
0%
Kanada
0%
Kanada
0%
Kanada
0%
Kanada
0%
Kanada
0%
Kanada
0%
Kanada
0%
Kanada
0%
Kanada
0%
Kanada
0%
Kanada
0%
Kanada
0%
Kanada
0%
Kanada
0%
Kanada
0%
Kanada
0%
Kanada
0%
Kanada
0%
Kanada
0%
Kanada
0%
Kanada
0%
Kanada
0%
Kanada
0%
Kanada
0%
Kanada
0%
Kanada
0%
Kanada
0%
Kanada
0%
Kanada
0%
Kanada
0%
Kanada
0%
Kanada
0%
Kanada
0%
Kanada
0%
Kanada
0%
Kanada
0%
Kanada
0%
Kanada
0%
Kanada
0%
Kanada
0%
Kanada
0%
Kanada
0%
Kanada
0%
Kazakstan
0%
Kazakstan
0%
Kazakstan
0%
Kazakstan
0%
Kazakstan
0%
Kazakstan
0%
Kazakstan
0%
Kazakstan
0%
Kazakstan
0%
Kazakstan
0%
Kazakstan
0%
Kazakstan
0%
Kazakstan
0%
Kazakstan
0%
Kazakstan
0%
Kazakstan
0%
Kazakstan
0%
Kazakstan
0%
Kazakstan
0%
Kazakstan
0%
Kazakstan
0%
Kazakstan
0%
Kazakstan
0%
Kenia
0%
Kenia
0%
Keski-Afrikan tasavalta
0%
Keski-Afrikan tasavalta
0%
Keski-Afrikan tasavalta
0%
Keski-Afrikan tasavalta
0%
Keski-Afrikan tasavalta
0%
Keski-Afrikan tasavalta
0%
Keski-Afrikan tasavalta
0%
Kiina
0%
Kiina
0%
Kiina
0%
Kiina
0%
Kiina
0%
Kiina
0%
Kiina
0%
Kiina
0%
Kiina
0%
Kiina
0%
Kiina
0%
Kiina
0%
Kiina
0%
Kiina
0%
Kiina
0%
Kiina
0%
Kiina
0%
Kiina
0%
Kiina
0%
Kiina
0%
Kiina
0%
Kiina
0%
Kiina
0%
Kiina
0%
Kiina
0%
Kiina
0%
Kiina
0%
Kiina
0%
Kiina
0%
Kiina
0%
Kiina
0%
Kiina
0%
Kiina
0%
Kiina
0%
Kiina
0%
Kiina
0%
Kiina
0%
Kiina
0%
Kiina
0%
Kiina
0%
Kirgisia
0%
Kirgisia
0%
Kolumbia
0%
Kolumbia
0%
Kolumbia
0%
Kolumbia
0%
Kolumbia
0%
Komorit
0%
Kongon demokraattinen tasavalta
0%
Kongon demokraattinen tasavalta
0%
Kongon demokraattinen tasavalta
0%
Kongon demokraattinen tasavalta
0%
Kongon demokraattinen tasavalta
0%
Kongon demokraattinen tasavalta
0%
Kongon tasavalta
0%
Kongon tasavalta
0%
Kongon tasavalta
0%
Kongon tasavalta
0%
Kosovo
0%
Kreikka
0%
Kuuba
0%
Kuuba
0%
Kuwait
0%
Kypros
0%
Laos
0%
Laos
0%
Laos
0%
Libanon
0%
Liberia
0%
Liberia
0%
Libya
0%
Libya
0%
Libya
0%
Libya
0%
Libya
0%
Liechtenstein
0%
Liettua
0%
Madagaskar
0%
Madagaskar
0%
Malawi
0%
Malesia
0%
Mali
0%
Mali
0%
Mali
0%
Mali
0%
Mali
0%
Marokko
0%
Marokko
0%
Marokko
0%
Marshallinsaaret
0%
Marshallinsaaret
0%
Marshallinsaaret
0%
Mauritania
0%
Mauritania
0%
Mauritania
0%
Mauritania
0%
Mauritania
0%
Mauritania
0%
Mauritius
0%
Meksiko
0%
Meksiko
0%
Meksiko
0%
Meksiko
0%
Meksiko
0%
Meksiko
0%
Mikronesia
0%
Mikronesia
0%
Moldova
0%
Mongolia
0%
Mongolia
0%
Mongolia
0%
Mongolia
0%
Mongolia
0%
Mongolia
0%
Mongolia
0%
Mongolia
0%
Mongolia
0%
Mongolia
0%
Mosambik
0%
Myanmar
0%
Myanmar
0%
Myanmar
0%
Myanmar
0%
Myanmar
0%
Myanmar
0%
Myanmar
0%
Myanmar
0%
Myanmar
0%
Namibia
0%
Namibia
0%
Namibia
0%
Namibia
0%
Nauru
0%
Nepal
0%
Niger
0%
Niger
0%
Niger
0%
Niger
0%
Niger
0%
Nigeria
0%
Nigeria
0%
Nigeria
0%
Nigeria
0%
Norja
0%
Norja
0%
Norsunluurannikko
0%
Norsunluurannikko
0%
Norsunluurannikko
0%
Oman
0%
Oman
0%
Oman
0%
Päiväntasaajan Guinea
0%
Päiväntasaajan Guinea
0%
Pakistan
0%
Pakistan
0%
Pakistan
0%
Pakistan
0%
Pakistan
0%
Palau
0%
Panama
0%
Papua-Uusi-Guinea
0%
Papua-Uusi-Guinea
0%
Papua-Uusi-Guinea
0%
Papua-Uusi-Guinea
0%
Papua-Uusi-Guinea
0%
Paraguay
0%
Peru
0%
Peru
0%
Peru
0%
Peru
0%
Portugali
0%
Portugali
0%
Portugali
0%
Portugali
0%
Puola
0%
Puola
0%
Puola
0%
Qatar
0%
Ranska
0%
Ranska
0%
Ranska
0%
Ranska
0%
Ranska
0%
Ranska
0%
Ranska
0%
Ranska
0%
Romania
0%
Ruotsi
0%
Ruotsi
0%
Ruotsi
0%
Ruotsi
0%
Ruotsi
0%
Saint Kitts ja Nevis
0%
Saint Lucia
0%
Saksa
0%
Saksa
0%
Salomonsaaret
0%
Salomonsaaret
0%
Salomonsaaret
0%
Salomonsaaret
0%
Salomonsaaret
0%
Salomonsaaret
0%
Sambia
0%
Sambia
0%
Sambia
0%
Sambia
0%
Sambia
0%
Sambia
0%
Sambia
0%
Sambia
0%
Samoa
0%
Saudi-Arabia
0%
Saudi-Arabia
0%
Saudi-Arabia
0%
Saudi-Arabia
0%
Saudi-Arabia
0%
Saudi-Arabia
0%
Saudi-Arabia
0%
Saudi-Arabia
0%
Senegal
0%
Senegal
0%
Seychellit
0%
Sierra Leone
0%
Sierra Leone
0%
Slovenia
0%
Somalia
0%
Somalia
0%
Sri Lanka
0%
Sri Lanka
0%
Sudan
0%
Sudan
0%
Sudan
0%
Sudan
0%
Sudan
0%
Sudan
0%
Sudan
0%
Sudan
0%
Sudan
0%
Sudan
0%
Sudan
0%
Sudan
0%
Sudan
0%
Sveitsi
0%
Swazimaa
0%
Tadžikistan
0%
Tadžikistan
0%
Tadžikistan
0%
Tadžikistan
0%
Tadžikistan
0%
Tansania
0%
Tansania
0%
Tansania
0%
Tansania
0%
Tansania
0%
Tansania
0%
Tansania
0%
Tanska
0%
Tanska
0%
Tanska
0%
Tanska
0%
Tanska
0%
Tanska
0%
Tanska
0%
Tanska
0%
Tanska
0%
Tanska
0%
Tanska
0%
Tanska
0%
Tanska
0%
Tanska
0%
Tanska
0%
Thaimaa
0%
Thaimaa
0%
Thaimaa
0%
Thaimaa
0%
Thaimaa
0%
Thaimaa
0%
Togo
0%
Togo
0%
Trinidad ja Tobago
0%
Tšad
0%
Tšad
0%
Tšad
0%
Tšad
0%
Tšad
0%
Tšad
0%
Tšad
0%
Tšad
0%
Tšad
0%
Tšekki
0%
Tšekki
0%
Tunisia
0%
Turkki
0%
Turkki
0%
Turkki
0%
Turkmenistan
0%
Turkmenistan
0%
Turkmenistan
0%
Turkmenistan
0%
Turkmenistan
0%
Turkmenistan
0%
Turkmenistan
0%
Turkmenistan
0%
Uganda
0%
Uganda
0%
Ukraina
0%
Ukraina
0%
Ukraina
0%
Unkari
0%
Unkari
0%
Uruguay
0%
Uusi-Seelanti
0%
Uusi-Seelanti
0%
Uusi-Seelanti
0%
Uzbekistan
0%
Uzbekistan
0%
Uzbekistan
0%
Uzbekistan
0%
Uzbekistan
0%
Uzbekistan
0%
Uzbekistan
0%
Uzbekistan
0%
Uzbekistan
0%
Valko-Venäjä
0%
Vanuatu
0%
Vanuatu
0%
Vanuatu
0%
Vanuatu
0%
Venäjä
0%
Venäjä
0%
Venäjä
0%
Venäjä
0%
Venäjä
0%
Venäjä
0%
Venäjä
0%
Venäjä
0%
Venäjä
0%
Venäjä
0%
Venäjä
0%
Venäjä
0%
Venäjä
0%
Venäjä
0%
Venäjä
0%
Venäjä
0%
Venäjä
0%
Venäjä
0%
Venäjä
0%
Venäjä
0%
Venäjä
0%
Venäjä
0%
Venäjä
0%
Venäjä
0%
Venäjä
0%
Venäjä
0%
Venäjä
0%
Venäjä
0%
Venäjä
0%
Venäjä
0%
Venäjä
0%
Venäjä
0%
Venäjä
0%
Venäjä
0%
Venäjä
0%
Venäjä
0%
Venäjä
0%
Venäjä
0%
Venäjä
0%
Venäjä
0%
Venäjä
0%
Venäjä
0%
Venäjä
0%
Venäjä
0%
Venäjä
0%
Venäjä
0%
Venäjä
0%
Venäjä
0%
Venäjä
0%
Venäjä
0%
Venäjä
0%
Venäjä
0%
Venäjä
0%
Venäjä
0%
Venäjä
0%
Venäjä
0%
Venäjä
0%
Venäjä
0%
Venäjä
0%
Venäjä
0%
Venäjä
0%
Venäjä
0%
Venäjä
0%
Venäjä
0%
Venäjä
0%
Venäjä
0%
Venäjä
0%
Venäjä
0%
Venäjä
0%
Venäjä
0%
Venäjä
0%
Venäjä
0%
Venäjä
0%
Venäjä
0%
Venäjä
0%
Venäjä
0%
Venäjä
0%
Venäjä
0%
Venäjä
0%
Venäjä
0%
Venäjä
0%
Venäjä
0%
Venäjä
0%
Venäjä
0%
Venäjä
0%
Venäjä
0%
Venäjä
0%
Venäjä
0%
Venäjä
0%
Venäjä
0%
Venäjä
0%
Venäjä
0%
Venäjä
0%
Venäjä
0%
Venäjä
0%
Venäjä
0%
Venezuela
0%
Venezuela
0%
Venezuela
0%
Venezuela
0%
Vietnam
0%
Vietnam
0%
Vietnam
0%
Vietnam
0%
Vietnam
0%
Viro
0%
Yhdistynyt kuningaskunta
0%
Yhdysvallat
0%
Yhdysvallat
0%
Yhdysvallat
0%
Yhdysvallat
0%
Yhdysvallat
0%
Yhdysvallat
0%
Yhdysvallat
0%
Yhdysvallat
0%
Yhdysvallat
0%
Yhdysvallat
0%
Yhdysvallat
0%
Yhdysvallat
0%
Yhdysvallat
0%
Yhdysvallat
0%
Yhdysvallat
0%
Yhdysvallat
0%
Yhdysvallat
0%
Yhdysvallat
0%
Yhdysvallat
0%
Yhdysvallat
0%
Yhdysvallat
0%
Yhdysvallat
0%
Yhdysvallat
0%
Yhdysvallat
0%
Yhdysvallat
0%
Yhdysvallat
0%
Yhdysvallat
0%
Yhdysvallat
0%
Yhdysvallat
0%
Yhdysvallat
0%
Yhdysvallat
0%
Yhdysvallat
0%
Zimbabwe
0%
Zimbabwe
0%
Zimbabwe
0%
Zimbabwe
0%

Tulosjakauma

Persentiili vastausten määrän mukaan

Jokaisen tuloksen saaneiden osuus

Tuloshistoriasi

Et ole pelannut tätä visaa